00879nam a22002177a 450000500170000001000230001702000260004003500140006603700090008008200110008910000220010024500570012225000060017926000490018527001190023430000240035350000750037794200250045299900190047795201650049620241211163738.0 aDEC24SC ENG-142958 a9789364689670c799.00 aEN-126490 bDBAD a00021 aKhan, A R 975031 aUPSC General Studies Topic-wise Solved/cBy A R Khan a1 aNew DelhibS Chand and Company Limitedc2024 a A-27, 2nd Floor, Mohan Co-operative Industrial EstatebNew Delhie110044minfo@schandpublishing.comk011-49731800 a478,215p.c26cm(pb) a 14 Previous Years' Papers (2011-2024) | PYQs, CSAT Video Explanation  2ddccENh000mKHAe1 c207623d207623 001040708NFICaZLSbZLSd2024-12-11eDelivery of Books Divisiong799.00l5m3o000 KHApEN-126490r2025-10-13 00:00:00s2025-09-15t1v799.00w2024-12-11yEN